Great Nationalist of India Deendayal Upadhyaya/ (Record no. 198790)

MARC details
000 -LEADER
fixed length control field 00638nam a22002177a 4500
003 - CONTROL NUMBER IDENTIFIER
control field dpl
005 - DATE AND TIME OF LATEST TRANSACTION
control field 20231108120307.0
008 - FIXED-LENGTH DATA ELEMENTS--GENERAL INFORMATION
fixed length control field 231016b |||||||| |||| 00| 0 eng d
010 ## - LIBRARY OF CONGRESS CONTROL NUMBER
LC control number ENG-138270
020 ## - INTERNATIONAL STANDARD BOOK NUMBER
International Standard Book Number 9789386365156
Terms of availability 895.00
035 ## - SYSTEM CONTROL NUMBER
System control number EN-121802
040 ## - CATALOGING SOURCE
Transcribing agency X
050 ## - LIBRARY OF CONGRESS CALL NUMBER
Item number 1
082 ## - DEWEY DECIMAL CLASSIFICATION NUMBER
Classification number 920
100 ## - MAIN ENTRY--PERSONAL NAME
Personal name Manoj Kumar
9 (RLIN) 57833
245 ## - TITLE STATEMENT
Title Great Nationalist of India Deendayal Upadhyaya/
Statement of responsibility, etc By Manoj Kumar
260 ## - PUBLICATION, DISTRIBUTION, ETC. (IMPRINT)
Place of publication, distribution, etc New Delhi
Name of publisher, distributor, etc Shri Sai Printographers
Date of publication, distribution, etc 2020
270 ## - ADDRESS
Address 102, 4787/23 Ansari Road, Daryagasnj
City Delhi
Country India
Postal code 110002
300 ## - PHYSICAL DESCRIPTION
Extent 272p.
Other physical details 23cm.hbk
942 ## - ADDED ENTRY ELEMENTS (KOHA)
Source of classification or shelving scheme Dewey Decimal Classification
Koha item type English Books
Classification part 920
Call number suffix MAN
Holdings
Withdrawn status Lost status Source of classification or shelving scheme Damaged status Not for loan Collection code Home library Current library Date acquired Source of acquisition Cost, normal purchase price Total Checkouts Full call number Barcode Date last seen Copy number Cost, replacement price Price effective from Koha item type
    Dewey Decimal Classification     Non-fiction Vinoba Puri Vinoba Puri 17/10/2023 DBAD/PUB 895.00   920 MAN EN-121802 17/10/2023 1 895.00 17/10/2023 English Books

© Delhi Public Library
Hit Counter
free hit counter